书目信息 |
| 题名: |
刚果(金)历史
|
|
| 作者: | 罗贝尔·科纳万 著 ;史陵山 译 | |
| 分册: | 上册 | |
| 出版信息: | 北京 商务印书馆 1974.8 |
|
| 页数: | 321页 | |
| 开本: | 20cm | |
| 丛书名: | ||
| 单 册: | ||
| 中图分类: | K463 | |
| 科图分类: | ||
| 主题词: | 中非--历史 | |
| 电子资源: | ||
| ISBN: | ||
| 000 | 00662nam0 2200229 45 | |
| 001 | 0212180801 | |
| 005 | 20031219104102.4 | |
| 010 | @dCNY2.15 | |
| 091 | @a11017.322 | |
| 100 | @a20021218d1974 km y0chiy0120 ea | |
| 101 | 0 | @achi |
| 105 | @aby z 000yy | |
| 200 | 1 | @a刚果(金)历史@AGang Guo(Jin)Li Shi@h上册@f(法)罗贝尔·科纳万著@F(Fa)Luo Bei Er·Ke Na Wan Zhu@g史陵山译 |
| 210 | @a北京@c商务印书馆@d1974.8 | |
| 215 | @a321页@c地图@d20cm | |
| 300 | @a内部参考读物 | |
| 606 | 0 | @a中非@x历史 |
| 690 | @aK463@v3 | |
| 701 | 0 | @a罗贝尔·科纳万@4著 |
| 702 | 0 | @a史陵山@AShi Ling Shan@4译 |
| 801 | @aCN@bTSTC@c20021218 | |
| 905 | @dK463@e2:1@f1@b219153 | |
| 刚果(金)历史.上册/(法)罗贝尔·科纳万著/史陵山译.-北京:商务印书馆,1974.8 |
| 321页:地图;20cm |
| 内部参考读物 |
| ISBN :CNY2.15 |
| ● |
| 相关链接 |
|
|
|
|
正题名:刚果(金)历史
索取号:K463/2:1
 
预约/预借
| 序号 | 登录号 | 条形码 | 馆藏地/架位号 | 状态 | 备注 |
| 1 | 0219153 | 001737188 | 第二样本阅览室/ [索取号:K463/2:1] | 在馆 |